क्षणभंगूर. (Record no. 265928)

MARC details
000 -LEADER
fixed length control field 00688nam a2200181Ia 4500
008 - FIXED-LENGTH DATA ELEMENTS--GENERAL INFORMATION
fixed length control field 090630s9999 xx 000 0 und d
082 ## - DEWEY DECIMAL CLASSIFICATION NUMBER
Item number 14072
100 ## - MAIN ENTRY--PERSONAL NAME
Personal name रावजी आशु - कानडे दिनू.
245 ## - TITLE STATEMENT
Title क्षणभंगूर.
Statement of responsibility, etc रावजी आशु - कानडे दिनू.
260 ## - PUBLICATION, DISTRIBUTION, ETC. (IMPRINT)
Name of publisher, distributor, etc डॉल्फीन - गोवा.
Date of publication, distribution, etc 1990
300 ## - PHYSICAL DESCRIPTION
Extent 229
600 ## - SUBJECT ADDED ENTRY--PERSONAL NAME
Personal name रावजी आशु - कानडे दिनू.
630 ## - SUBJECT ADDED ENTRY--UNIFORM TITLE
Uniform title क्षणभंगूर.
655 ## - INDEX TERM--GENRE/FORM
Genre/form data or focus term कादंबरी.
700 ## - ADDED ENTRY--PERSONAL NAME
Personal name रावजी आशु - कानडे दिनू.
730 ## - ADDED ENTRY--UNIFORM TITLE
Uniform title क्षणभंगूर.
942 ## - ADDED ENTRY ELEMENTS (KOHA)
Koha item type Book
Holdings
Withdrawn status Lost status Damaged status Not for loan Home library Current library Date acquired Cost, normal purchase price Total Checkouts Full call number Barcode Date last seen Cost, replacement price Price effective from Koha item type
        Sarvajanik Wachanalaya Shrivardhan Sarvajanik Wachanalaya Shrivardhan   90.00   14072 SAWASHRI-14072 06/30/2009 90.00 06/30/2009 Book